000 00310nam a22001337a 4500
008 170324b xxu||||| |||| 00| 0 eng d
020 _a9781416038542
041 _aeng
080 _25TH
_a615.83
100 _a8
101 _aSHM
245 _aPHYSICAL EXAMINATION & HEALTH ASSESMENT
_cJARVIS
942 _2udc
_cBK
999 _c8587
_d8587